Hry / (Record no. 20397)
[ view plain ]
| 000 -LEADER | |
|---|---|
| fixed length control field | 02386nam a22004691 4500 |
| 001 - CONTROL NUMBER | |
| control field | 20397 |
| 003 - CONTROL NUMBER IDENTIFIER | |
| control field | CZ PrNK |
| 005 - DATE AND TIME OF LATEST TRANSACTION | |
| control field | 20260122102847.0 |
| 008 - FIXED-LENGTH DATA ELEMENTS--GENERAL INFORMATION | |
| fixed length control field | 971114s1963 xr g 00| d cze |
| 015 ## - NATIONAL BIBLIOGRAPHY NUMBER | |
| National bibliography number | cnb000156225 |
| 035 ## - SYSTEM CONTROL NUMBER | |
| System control number | (OCoLC)61483036 |
| 040 ## - CATALOGING SOURCE | |
| Original cataloging agency | ABA001 |
| Language of cataloging | cze |
| Transcribing agency | ABA001 |
| Modifying agency | ABA001 |
| 041 1# - LANGUAGE CODE | |
| Language code of text/sound track or separate title | cze |
| Language code of original | eng |
| 072 #7 - SUBJECT CATEGORY CODE | |
| Subject category code | 821.111-2 |
| Subject category code subdivision | Anglické drama, anglicky psané |
| Source | Konspekt |
| 080 ## - UNIVERSAL DECIMAL CLASSIFICATION NUMBER | |
| Universal Decimal Classification number | 821.111-2 |
| Edition identifier | MRF |
| 080 ## - UNIVERSAL DECIMAL CLASSIFICATION NUMBER | |
| Universal Decimal Classification number | (0:82-2) |
| Edition identifier | MRF |
| 100 1# - MAIN ENTRY--PERSONAL NAME | |
| Personal name | Shakespeare, William, |
| Dates associated with a name | 1564-1616 |
| Relationship | aut |
| 245 10 - TITLE STATEMENT | |
| Title | Hry / |
| Statement of responsibility, etc. | William Shakespeare ; [z anglického originálu ... přeložil E.A. Saudek ; doslov napsal Jaroslav Pokorný ; bibliografickou a životapisnou poznámku Zdeněk Stříbrný ; poznámky a medailonky Zdeněk Stříbrný a E.A. Saudek ; ilustrace Karel Hruška] |
| 250 ## - EDITION STATEMENT | |
| Edition statement | 1. vyd. |
| 260 ## - PUBLICATION, DISTRIBUTION, ETC. | |
| Place of publication, distribution, etc. | Praha : |
| Name of publisher, distributor, etc. | Mladá fronta, |
| Date of publication, distribution, etc. | 1963 |
| Manufacturer | (Mír 22) |
| 300 ## - PHYSICAL DESCRIPTION | |
| Extent | 445 s. : |
| Other physical details | il. ; |
| Dimensions | 8° |
| 490 1# - SERIES STATEMENT | |
| Series statement | Máj ; |
| Volume/sequential designation | sv. 26 |
| 500 ## - GENERAL NOTE | |
| General note | Il. tit. dvojlist |
| 500 ## - GENERAL NOTE | |
| General note | Obálka a vazba Miroslav Váša s použitím kresby Karla Hrušky |
| 500 ## - GENERAL NOTE | |
| General note | 106500 výt. |
| 500 ## - GENERAL NOTE | |
| General note | Přeloženo z angličtiny |
| 505 00 - FORMATTED CONTENTS NOTE | |
| Title | Sen noci svatojanské -- |
| -- | Romeo a Julie -- |
| -- | Hamlet -- |
| -- | Othello |
| 520 ## - SUMMARY, ETC. | |
| Summary, etc. | Čtyři hry (Sen noci svatojanské, Romeo a Julie, Hamlet, Othello), určené mladým čtenářům, naznačují myšlenkovou rozlohu a hlavní rysy tvorby anglického dramatika, jenž ovlivnil i naši literaturu a hudbu. Každá z her je uvedena charakteristikou hry a jejích hrdinů, v doslovu jsou v hlavních rysech zachyceny Shakespearovy lidské i umělecké osudy a v obsáhlých poznámkách řečeno vše podstatné o vzniku her a objasněna jejich méně jasná nebo příliš náročná místa. |
| 655 #7 - INDEX TERM--GENRE/FORM | |
| Genre/form data or focus term | anglická dramata |
| Source of term | czenas |
| 655 #7 - INDEX TERM--GENRE/FORM | |
| Genre/form data or focus term | divadelní hry |
| Source of term | czenas |
| 700 12 - ADDED ENTRY--PERSONAL NAME | |
| Personal name | Shakespeare, William, |
| Dates associated with a name | 1564-1616. |
| Title of a work | Midsummer night's dream. |
| Language of a work | Česky |
| 700 12 - ADDED ENTRY--PERSONAL NAME | |
| Personal name | Shakespeare, William, |
| Dates associated with a name | 1564-1616. |
| Title of a work | Romeo and Juliet. |
| Language of a work | Česky |
| 700 12 - ADDED ENTRY--PERSONAL NAME | |
| Personal name | Shakespeare, William, |
| Dates associated with a name | 1564-1616. |
| Title of a work | Hamlet. |
| Language of a work | Česky |
| 700 12 - ADDED ENTRY--PERSONAL NAME | |
| Personal name | Shakespeare, William, |
| Dates associated with a name | 1564-1616. |
| Title of a work | Othello. |
| Language of a work | Česky |
| 700 1# - ADDED ENTRY--PERSONAL NAME | |
| Personal name | Saudek, Erik Adolf, |
| Dates associated with a name | 1904-1963 |
| Relationship | trl |
| -- | edt |
| 700 1# - ADDED ENTRY--PERSONAL NAME | |
| Personal name | Pokorný, Jaroslav, |
| Dates associated with a name | 1920-1983 |
| Relationship | aft |
| 700 1# - ADDED ENTRY--PERSONAL NAME | |
| Personal name | Stříbrný, Zdeněk, |
| Dates associated with a name | 1922-2014 |
| Relationship | edt |
| 700 1# - ADDED ENTRY--PERSONAL NAME | |
| Personal name | Hruška, Karel, |
| Dates associated with a name | 1930-2015 |
| Relationship | ill |
| 830 #0 - SERIES ADDED ENTRY--UNIFORM TITLE | |
| Uniform title | Máj (Mladá fronta) |
| 910 ## - USER-OPTION DATA (OCLC) | |
| User-option data | ABA001 |
| 942 ## - ADDED ENTRY ELEMENTS (KOHA) | |
| Source of classification or shelving scheme | Dewey Decimal Classification |
| Koha item type | Odborná literatúra pre dospelých |
| Suppress in OPAC | No |
| Stav vyradenia | Strata | Poškodenie | Spôsob nadobudnutia | Domovská knižnica | Aktuálna knižnica | Dátum nadobudnutia | Total checkouts | Čiarový kód exemplára | Date last seen | Typ exemplára |
|---|---|---|---|---|---|---|---|---|---|---|
| Dar | Obecná knižnica Horná Štubňa | Obecná knižnica Horná Štubňa | 22.01.2026 | 4736200423 | 22.01.2026 | Odborná literatúra pre dospelých |
